Árpolitikai döntések a termelöeszközök piacán.
Rozhodujúce faktory cenovej politiky. Nutnosť súladu medzi cenou výrobného prostriedku, výrobnými možnosťami, vývojom nákladov a konkurenčným prostredím trhu. Jednotlivé kroky stanovenia cien nových výrobkov. Systém cenových úľav, ich účel.
Gespeichert in:
| 1. Verfasser: | |
|---|---|
| Format: | Buchkapitel |
| Sprache: | Ungarisch |
| Schlagworte: | |
| Tags: |
Keine Tags, Fügen Sie das erste Tag hinzu!
|
MARC
| LEADER | 00000naa a2200000 4500 | ||
|---|---|---|---|
| 001 | r003536 | ||
| 005 | 20221125113441.0 | ||
| 041 | 0 | |a hun | |
| 044 | |a HU | ||
| 245 | 1 | 0 | |a Árpolitikai döntések a termelöeszközök piacán. |c M. Törócsik |
| 520 | |a Rozhodujúce faktory cenovej politiky. Nutnosť súladu medzi cenou výrobného prostriedku, výrobnými možnosťami, vývojom nákladov a konkurenčným prostredím trhu. Jednotlivé kroky stanovenia cien nových výrobkov. Systém cenových úľav, ich účel. | ||
| 610 | 2 | 0 | |a politika cenová |
| 610 | 2 | 0 | |a trh |
| 610 | 2 | 0 | |a prostriedky výrobné |
| 610 | 2 | 0 | |a náklady |
| 610 | 2 | 0 | |a konkurencia |
| 610 | 2 | 0 | |a tvorba cien |
| 100 | 1 | |a Törócsik, M. | |